[Event "reto"]
[Site "http://www.queenalice.com/game.php?id=69627"]
[Date "2006.5.17"]
[Round "-"]
[White "Pappa_S"]
[Black "NoelMedina"]
[Result "1-0"]
[WhiteElo "2011"]
[BlackElo "1356"]

1. d4 d5 2. c4 e6 3. Nc3 Nf6 4. Bg5 Be7 5. e3 Nbd7 6. cxd5 exd5 7. Nf3 O-O 8.
Bd3 h6 9. Bf4 b6 10. Ne5 Bd6 11. Nc6 Qe8 12. Bxd6 cxd6 13. Nb5 Nb8 14. Nxb8 Rxb8
15. Nxa7 Ra8 16. Nxc8 Qxc8 17. O-O Ne4 18. f3 Ng5 19. Qb3 Qc6 20. Rac1 Qb7 21.
Rc3 Rfe8 22. Rfc1 Rec8 23. Rxc8+ Rxc8 24. Rxc8+ Qxc8 25. Qxb6 Qc1+ 26. Kf2 Qd2+
27. Be2 Qc2 28. Qxd6 Qxb2 29. Qxd5 Ne6 30. a4 Qb8 31. h3 Qe8 32. a5 Nc7 33. Qb7
Qd8 34. a6 Qh4+ 35. g3 Qd8 36. a7 Kf8 37. Qb4+ Ke8 38. Bb5+ Nxb5 39. Qxb5+ Kf8
40. Qb8 1-0

[Event "Cuba-Mexico"]
[Site "http://www.queenalice.com/game.php?id=71491"]
[Date "2006.5.25"]
[Round "-"]
[White "NoelMedina"]
[Black "swmorgana"]
[Result "1-0"]
[WhiteElo "1289"]
[BlackElo "1440"]

1. e4 e5 2. Nf3 Nc6 3. Bc4 Nf6 4. Ng5 Qe7 5. Nxf7 Rg8 6. Ng5 Qb4 7. Bxg8 Nxg8 8.
Qh5+ g6 9. Qxh7 Qe7 10. Qxg6+ Kd8 11. Qxg8 b6 12. Nf7+ Ke8 13. Qg6 d6 14. Nxe5+
Kd8 15. Nxc6+ Kd7 16. Nxe7 Bxe7 17. Nc3 Ba6 18. Nd5 Bd8 19. Qf7+ Kc6 20. Qe8+
Kc5 21. d4+ Kxd4 22. Be3+ Kc4 23. Qc6# 1-0

[Event "you and me"]
[Site "http://www.queenalice.com/game.php?id=81143"]
[Date "2006.6.29"]
[Round "-"]
[White "Cronos"]
[Black "NoelMedina"]
[Result "0-1"]
[WhiteElo "1556"]
[BlackElo "1331"]

1. e4 c5 2. d3 Nc6 3. Nf3 d6 4. Be2 g6 5. O-O Nf6 6. b3 Bg7 7. Bb2 O-O 8. h3 b6
9. a3 Bb7 10. Nbd2 Nxe4 11. Bxg7 Nxd2 12. Bxf8 Nxf1 13. Bxe7 Qxe7 14. Kxf1 Re8
15. c3 Ne5 16. Nxe5 Qxe5 17. Qd2 Qh2 18. Ke1 Qg1# 0-1

[Event "Sin rendirse"]
[Site "http://www.queenalice.com/game.php?id=81145"]
[Date "2006.6.29"]
[Round "-"]
[White "swmorgana"]
[Black "NoelMedina"]
[Result "0-1"]
[WhiteElo "1416"]
[BlackElo "1311"]

1. e4 c5 2. Bc4 a6 3. d3 Nc6 4. Nc3 g6 5. Qf3 Nf6 6. Nd5 Bg7 7. Bg5 O-O 8. O-O-O
b5 9. Bb3 Nd4 10. Qe3 Nxb3+ 11. cxb3 Nxd5 12. Qg3 Nb4 13. Kb1 Qa5 14. a3 Nc6 15.
Ne2 b4 16. Bd2 Qb6 17. Nf4 bxa3 18. Nd5 Qxb3 19. d4 Qxb2# 0-1

[Event "AUTO-INT-153"]
[Site "http://www.queenalice.com/game.php?id=100650"]
[Date "2006.8.29"]
[Round "1"]
[White "XequeChaMate"]
[Black "NoelMedina"]
[Result "1/2-1/2"]
[WhiteElo "1861"]
[BlackElo "1415"]

1. d4 d5 2. c4 e6 3. Nc3 Nf6 4. e3 Nbd7 5. Nf3 Be7 6. Be2 O-O 7. O-O b6 8. Bd2
Ba6 9. b3 Rc8 10. a4 c5 11. Rc1 cxd4 12. Nxd4 dxc4 13. Nb1 Ne5 14. b4 Ne4 15. b5
Nxd2 16. Nxd2 Bb7 17. Nxc4 Nxc4 18. Bxc4 Bc5 19. Nxe6 Qxd1 20. Rfxd1 Rfe8 21.
Nxc5 Rxc5 22. Be2 Rxc1 23. Rxc1 Re7 24. h3 g6 25. Rd1 Kg7 26. Rd4 Kf6 27. Kh2
Rc7 28. Kg3 Ke7 29. Bd1 Rc5 30. Bb3 Rg5+ 31. Rg4 Rxg4+ 32. hxg4 Kf6 33. f4 Be4
34. Kh3 Kg7 35. g3 f6 36. Kh4 Bb1 37. g5 fxg5+ 38. Kxg5 h6+ 39. Kh4 Kf6 40. Kg4
Be4 41. Kh3 g5 1/2-1/2

[Event "AUTO-INT-153"]
[Site "http://www.queenalice.com/game.php?id=100651"]
[Date "2006.8.29"]
[Round "1"]
[White "NoelMedina"]
[Black "XequeChaMate"]
[Result "0-1"]
[WhiteElo "1418"]
[BlackElo "1740"]

1. e4 e6 2. Nf3 d5 3. exd5 exd5 4. Qe2+ Be7 5. Nc3 c6 6. d4 Be6 7. Ne5 Nf6 8.
Bg5 Nbd7 9. Nxd7 Qxd7 10. Bxf6 Bxf6 11. O-O-O O-O 12. h4 Rfe8 13. Qd3 a5 14. Kb1
b5 15. Be2 a4 16. f3 b4 17. Nxa4 Rxa4 18. g4 Rea8 19. g5 Be7 20. f4 Rxa2 21. Kc1
Bf5 22. Qf3 Be4 0-1

[Event "AUTO-INT-153"]
[Site "http://www.queenalice.com/game.php?id=100672"]
[Date "2006.8.29"]
[Round "1"]
[White "kako"]
[Black "NoelMedina"]
[Result "1-0"]
[WhiteElo "1645"]
[BlackElo "1415"]

1. d4 d5 2. Nf3 e6 3. a3 Nf6 4. Bg5 Nbd7 5. Nc3 Be7 6. e3 h6 7. Bxf6 Nxf6 8. Bd3
b6 9. O-O Bb7 10. Ne5 O-O 11. Ne2 Rc8 12. Nf4 c5 13. c3 cxd4 14. Nh5 Nxh5 15.
Qxh5 dxe3 16. Ng6 fxg6 17. Qxg6 exf2+ 18. Rxf2 Rxf2 19. Kxf2 Qf8+ 20. Kg1 Bc5+
21. Kh1 Qd8 22. Rf1 1-0

[Event "AUTO-INT-153"]
[Site "http://www.queenalice.com/game.php?id=100673"]
[Date "2006.8.29"]
[Round "1"]
[White "NoelMedina"]
[Black "kako"]
[Result "0-1"]
[WhiteElo "1372"]
[BlackElo "1537"]

1. e4 e5 2. Nf3 Nc6 3. Bc4 Nf6 4. Ng5 d5 5. exd5 Nxd5 6. Nxf7 Kxf7 7. Qf3+ Ke6
8. Nc3 Nd4 9. Bxd5+ Kd6 10. Qd3 c6 11. Bb3 Be6 12. Ne4+ Ke7 13. Qc3 Bxb3 14.
axb3 Ke8 15. Qc5 Bxc5 0-1

[Event "Challenge"]
[Site "http://www.queenalice.com/game.php?id=111221"]
[Date "2006.9.29"]
[Round "-"]
[White "NoelMedina"]
[Black "valerie973"]
[Result "1-0"]
[WhiteElo "1429"]
[BlackElo "1413"]

1. e4 e5 2. Nf3 Nc6 3. Bc4 Nf6 4. Ng5 d5 5. exd5 Na5 6. Bb5+ c6 7. dxc6 Nxc6 8.
Qf3 Bd7 9. Nc3 Be7 10. Bc4 Be6 11. Bxe6 Nd4 12. Bxf7+ Kf8 13. Qd3 e4 14. Ncxe4
1-0

[Event "AUTO-INT-237"]
[Site "http://www.queenalice.com/game.php?id=126578"]
[Date "2006.11.7"]
[Round "1"]
[White "NoelMedina"]
[Black "ricvila"]
[Result "0-1"]
[WhiteElo "1497"]
[BlackElo "1261"]

1. e4 e6 2. Nf3 d5 3. exd5 exd5 4. d4 Be6 5. Nc3 Nc6 6. Bb5 a6 7. Bxc6+ bxc6 8.
O-O Nf6 9. Bg5 h6 10. Bxf6 Qxf6 11. Ne5 Bd7 0-1

[Event "AUTO-INT-237"]
[Site "http://www.queenalice.com/game.php?id=126579"]
[Date "2006.11.7"]
[Round "1"]
[White "ricvila"]
[Black "NoelMedina"]
[Result "1-0"]
[WhiteElo "1286"]
[BlackElo "1472"]

1. e4 c5 2. Nf3 Nc6 3. Bc4 d6 4. Ng5 e6 5. d3 Be7 6. Nf3 Nf6 7. Nc3 O-O 8. Be3
d5 9. exd5 exd5 10. Bb3 d4 11. Bxd4 1-0

[Event "I Torneo Cubano"]
[Site "http://www.queenalice.com/game.php?id=135496"]
[Date "2006.12.1"]
[Round "1"]
[White "NoelMedina"]
[Black "velkan_cu"]
[Result "0-1"]
[WhiteElo "1400"]
[BlackElo "1756"]

1. e4 e5 2. Nf3 Nf6 3. Nxe5 d6 4. Nf3 Nxe4 5. Qe2 Qe7 6. d3 Nf6 7. Bg5 Nc6 8.
Bxf6 Qxe2+ 9. Bxe2 gxf6 10. Nc3 Bd7 11. d4 O-O-O 12. O-O-O Bh6+ 13. Kb1 Rhg8 14.
d5 Ne5 15. Nxe5 fxe5 16. g3 f5 17. Bb5 f4 18. Bxd7+ Rxd7 19. Ne4 Rf7 20. Rhg1
fxg3 21. hxg3 Rf3 0-1

[Event "AUTO-INT-308"]
[Site "http://www.queenalice.com/game.php?id=153038"]
[Date "2007.1.12"]
[Round "1"]
[White "NoelMedina"]
[Black "Altos"]
[Result "0-1"]
[WhiteElo "1449"]
[BlackElo "1697"]

1. e4 c5 2. Nf3 d5 3. exd5 Qxd5 4. Nc3 Qc6 5. Bc4 Nf6 6. O-O Nbd7 7. Ng5 e6 8.
Bb5 Qc7 9. d4 cxd4 10. Qxd4 Bc5 11. Qd3 O-O 12. Rd1 h6 13. Nge4 Nxe4 0-1

[Event "AUTO-INT-308"]
[Site "http://www.queenalice.com/game.php?id=153039"]
[Date "2007.1.12"]
[Round "1"]
[White "Altos"]
[Black "NoelMedina"]
[Result "1-0"]
[WhiteElo "1703"]
[BlackElo "1443"]

1. e4 c5 2. Bc4 Nc6 3. Qf3 e6 4. Ne2 Nf6 5. O-O Be7 6. d3 O-O 7. Nbc3 a6 8. Qg3
b5 9. Bb3 d5 10. exd5 exd5 11. a3 c4 12. dxc4 dxc4 13. Ba2 Nh5 14. Qf3 1-0